Energy Consumption and Technological Developments

Salvato in:
Dettagli Bibliografici
Autore principale: Okorokov, Vasilij R.
Natura: Libro
Lingua:inglese
Pubblicazione: Laxenburg International Institute for Applied Systems Analysis 1990
Edizione:1. ed.
Tags: Aggiungi Tag
Nessun Tag, puoi essere il primo ad aggiungerne!!

MARC

LEADER 00000nam a2200000 4500
001 c032805
005 20221215113706.7
041 0 |a eng 
044 |a AT 
245 1 0 |a Energy Consumption and Technological Developments  |c Vasilij R. Okorokov 
250 |a 1. ed. 
264 1 |a Laxenburg  |b International Institute for Applied Systems Analysis  |c 1990 
300 |a 25 s. 
500 |a Separát z: Acta Polytechnica, 2 (III, 1) 1989 
100 1 |a Okorokov, Vasilij R.